000 00617cam a22002053a 4500
001 38534
003 PGUSA
005 20140828083841.0
008 120109s2012||||xxu|||||s|||||000 | eng d
040 _aPGUSA
_beng
042 _adc
100 1 _aEdwards, Henry Sutherland,
_d1828-1906
245 1 4 _aThe Great Musicians :
_bRossini and His School
_h[electronic resource] /
_cHenry Sutherland Edwards
260 _bProject Gutenberg,
_c2012
506 _aPublic domain in the USA.
516 _aElectronic text
830 0 _aProject Gutenberg
_v38534
856 4 0 _uhttp://www.gutenberg.org/ebooks/38534
942 _cEB
999 _c267788
_d267788